Music Quiz

Random Music Quiz

Apple Advertisement Songs Quiz Stats

 Plays Quiz not verified by Sporcle

Challenge
Share
Tweet
Embed
Score 0/55 Timer 10:00
0 Plays Today
Artist/Band Song Title % Correct
Feist1234
60%
U2Vertigo
57.1%
JetAre You Gonna Be My Girl?
34.3%
Yael NaimNew Soul
34.3%
The Ting TingsShut Up and Let Me Go
31.4%
ColdplayViva la Vida
31.4%
GorillazFeel Good Inc
28.6%
CakeShort Skirt
28.6%
EminemLose Yourself
22.9%
CaesarsJerk It Out
20%
ChairliftBruises
17.1%
Yeah Yeah YeahsGold Lion
17.1%
CSSMusic Is My Hot Hot Sex
14.3%
Franz FerdinandNo You Girls
14.3%
Tommy SparksShe's Got Me Dancing
14.3%
The Boy Least Likely ToStringing Up Conkers
14.3%
Chilly GonzalesNever Stop
14.3%
EbergInside Your head
14.3%
The VinesRide
11.4%
N.E.R.D.Rock Star
11.4%
Daft PunkTechnologic
11.4%
The Bird and the BeeLa La La
11.4%
The Blue VanThere Goes My Love
11.4%
ChappoCome Home
11.4%
Wynton MarsalisSparks
8.6%
The FratellisFlathead
8.6%
Paul McCartneyDance Tonight
8.6%
Orba SquaraPerfect Timing (This Morning)
8.6%
Artist/Band Song Title % Correct
The SubmarinesYou, Me and the Bourgeoisie
8.6%
Louis ArmstrongWhen You're Smiling
8.6%
SteriogramWalkie Talkie Man
5.7%
The Asteroids Galaxy TourAround the Bend
5.7%
The SubmarinesSubmarine Symphonika
5.7%
Broadcast 2000Run
5.7%
Honey CutExodus Honey
5.7%
The PropellerheadsTake California
2.9%
Black Eyed PeasHey Mama
2.9%
U2Original of the Species
2.9%
RinôçérôseCubicle
2.9%
Mary J. BligeWork That
2.9%
Brendan BensonWhat I'm Looking For
2.9%
David Holmes$165 Million + Interest
2.9%
Matt CostaMr. Pitiful
2.9%
Miss LiBourgeois Shangri-La
2.9%
Feature CastChannel Surfing
0%
OzomatliSaturday Night
0%
the ResourceGimme That
0%
WolfmotherLove Train
0%
Bob DylanSomeday Baby
0%
Cut ChemistThe Audience Is Listening Theme Song
0%
PrototypesWho's Gonna Sing?
0%
Quantic and NickodemusMi Swing Es Tropical
0%
Jack JohnsonIf I Had Eyes
0%
Kumbia KingsPachuco
0%
David HolmesThe Round Up
0%

You're not logged in!

Compare scores with friends on all Sporcle quizzes.
OR
Log In

You Might Also Like...

Show Comments

Extras

Top Quizzes Today


Score Distribution

Your Account Isn't Verified!

In order to create a playlist on Sporcle, you need to verify the email address you used during registration. Go to your Sporcle Settings to finish the process.

Report this User

Report this user for behavior that violates our Community Guidelines.

Details: